<?xml version="1.0" encoding="UTF-8"?>
<record
    xmlns:xsi="http://www.w3.org/2001/XMLSchema-instance"
    xsi:schemaLocation="http://www.loc.gov/MARC21/slim http://www.loc.gov/standards/marcxml/schema/MARC21slim.xsd"
    xmlns="http://www.loc.gov/MARC21/slim">

  <leader>01761nam a2200253Ia 4500</leader>
  <controlfield tag="001">IA_They are considered to be 2 factors (osmosis and age) with 2 levels each one in a design completely randomized with three repetitions by means of the ANOVA of the experimental design of significance level &#x192;&#xD1;=0.05, significant differences allowed to find in the factor year for the variables answer of calcium and ashes; in the osmosis factor was significant difference in raw fiber, raw protein, organic matter and calcium, in all that the interaction only we observe in calcium. In this work we found that the flour of prickly pear that was obtained with osmosis had improved performance, which does not have osmosis, has improved concentration of components and that the production of flour of prickly pear with mature stem if it increases the content of calcium. This product might be an option to be considered as complement alimentary</controlfield>
  <controlfield tag="002">ESTUDIO QUiMICO PROXIMAL DE HARINA DE NOPAL (OPUNT</controlfield>
  <controlfield tag="008">220117s    xx            000 0 und d</controlfield>
  <datafield tag="010" ind1=" " ind2=" ">
    <subfield code="a">185810</subfield>
  </datafield>
  <datafield tag="530" ind1=" " ind2=" ">
    <subfield code="a">Disponible en PDF</subfield>
  </datafield>
  <datafield tag="650" ind1=" " ind2=" ">
    <subfield code="a">Agricultural products</subfield>
    <subfield code="9">149769</subfield>
  </datafield>
  <datafield tag="650" ind1=" " ind2=" ">
    <subfield code="a">Nopal</subfield>
    <subfield code="x">An&#xE1;lisis qu&#xED;mico  </subfield>
    <subfield code="9">160291</subfield>
  </datafield>
  <datafield tag="650" ind1=" " ind2=" ">
    <subfield code="a">Nopal</subfield>
    <subfield code="x">Harina  </subfield>
    <subfield code="9">160292</subfield>
  </datafield>
  <datafield tag="650" ind1=" " ind2="0">
    <subfield code="a">Opuntia ficus-indica</subfield>
    <subfield code="9">153774</subfield>
  </datafield>
  <datafield tag="650" ind1=" " ind2="0">
    <subfield code="a">Opuntia ficus-indica</subfield>
    <subfield code="x">Chemical analysis  </subfield>
    <subfield code="9">160293</subfield>
  </datafield>
  <datafield tag="650" ind1=" " ind2="0">
    <subfield code="a">Opuntia ficus-indica</subfield>
    <subfield code="x">Flour  </subfield>
    <subfield code="9">160294</subfield>
  </datafield>
  <datafield tag="650" ind1=" " ind2=" ">
    <subfield code="a">Productos agr&#xED;colas  </subfield>
    <subfield code="9">91896</subfield>
  </datafield>
  <datafield tag="700" ind1=" " ind2=" ">
    <subfield code="a">Espejel Zaragoza, Alfredo, asesor </subfield>
    <subfield code="9">163751</subfield>
  </datafield>
  <datafield tag="700" ind1=" " ind2=" ">
    <subfield code="a">Morales Hern&#xE1;ndez, Mar&#xED;a Josefina, coaut. </subfield>
    <subfield code="9">160295</subfield>
  </datafield>
  <datafield tag="700" ind1=" " ind2=" ">
    <subfield code="a">Szymanski Duque, Rosa Guadalupe, dir. </subfield>
    <subfield code="9">156969</subfield>
  </datafield>
  <datafield tag="700" ind1=" " ind2=" ">
    <subfield code="a">V&#xE1;zquez Pe&#xF1;a, Mario Alberto, asesor</subfield>
    <subfield code="9">163752</subfield>
  </datafield>
  <datafield tag="942" ind1=" " ind2=" ">
    <subfield code="c">TESIS M46 2015</subfield>
  </datafield>
  <datafield tag="999" ind1=" " ind2=" ">
    <subfield code="c">185810</subfield>
    <subfield code="d">185810</subfield>
  </datafield>
</record>
